• 首页
  • 本馆介绍
  • 公告通知
  • 最新文献
  • 馆藏检索
  • 电子资源
  • 读者导购
  • 参考咨询
  • 我的图书馆
  • 登录
  • 详细信息显示
  • 放入我的书架
  • 预约/预借图书
  • 作者相关作品
  • 分类相关作品
  • 丛书相关作品
  • 出版社相关作品

书目信息

  • 表格格式
  • 工作单格式
  • 卡片格式
题名:
园林艺术原理
    
 
作者: 王晓俊 主编
分册:  
出版信息: 北京   中国农业出版社  2011
页数: 379页
开本: 26cm
丛书名:
单 册:
中图分类: TU986.1
科图分类:
主题词: 园林艺术--高等教育--教材 , 园林艺术
电子资源:
ISBN: 978-7-109-16304-1
000 01109nam0 2200253 45
001 012001005277
005 20131111155825.0
010    @a978-7-109-16304-1@dCNY52.00
100    @a20121212d2011 em y0chiy50 ea
101 0  @achi
102    @aCN@b110000
105    @aa z 000yy
106    @ar
200 1  @a园林艺术原理@9yuan lin yi shu yuan li@f王晓俊主编
210    @a北京@c中国农业出版社@d2011
215    @a379页@c图@d26cm
300    @a普通高等教育“十一五”国家级规划教材
330    @a本教材共分为园林艺术特征、造景手法、园林要素、环境体验四大部分内容。第一部分从园林美与园林艺术的特征,世界主要园林艺术流派的艺术特征、中西方传统园林特征的比较、现代园林艺术实践及其审美演变等方面对园林艺术与园林美的总体论述。第二部分着重对图形视觉原理、形式美原则、园林造景手法与空间构图艺术的法则进行论述。第三部分是地形、水体、植物与建筑四大要素的造景艺术与技巧。第四部分着重于园林空间的游赏。
606 0  @a园林艺术@x高等教育@j教材
606 0  @a园林艺术
690    @aTU986.1@v5
701  0 @a王晓俊@9wang xiao jun@c(园林设计)@4主编
801  0 @aCN@b江苏凤凰@c20191020
905    @b1213146-7@dTU986.1@e1626@f2
    
    园林艺术原理/王晓俊主编.-北京:中国农业出版社,2011
    379页:图;26cm
    普通高等教育“十一五”国家级规划教材
    
    ISBN 978-7-109-16304-1:CNY52.00
    本教材共分为园林艺术特征、造景手法、园林要素、环境体验四大部分内容。第一部分从园林美与园林艺术的特征,世界主要园林艺术流派的艺术特征、中西方传统园林特征的比较、现代园林艺术实践及其审美演变等方面对园林艺术与园林美的总体论述。第二部分着重对图形视觉原理、形式美原则、园林造景手法与空间构图艺术的法则进行论述。第三部分是地形、水体、植物与建筑四大要素的造景艺术与技巧。第四部分着重于园林空间的游赏。
●
相关链接 在E读中查询图书 在五车中查询图书 在当当中查询图书 在豆瓣中查询图书


正题名:园林艺术原理     索取号:TU986.1/1626         预约/预借

序号 登录号 条形码 馆藏地/架位号 状态 备注
1 1213146   212131469   第二样本阅览室/ [索取号:TU986.1/1626] 在馆    
2 1213147   212131478   第三借阅区/ [索取号:TU986.1/1626] 在馆    
唐山师范学院图书馆 欢迎您!
大连网信软件有限公司© 版权所有